00801nam a2200217Ia 4500003000900000008004100009040001600050080001900066245012900085260003100214300002300245650004100268650002400309650001600333650004400349650004100393700003200434942000700466999001500473952009500488IN-BaIIA211028s9999 xx 000 0 eng d cIIA Library a035:520.1bFAC 0aFacilities manual of CERRO TOLOLO inter-american observatorycedited by L. A Colbeck  aU.S.A.bCello Tololoc1987 a[various pagings.] aAstronomy and astrophysics thesaurus aCerro Tololo914777 aCTIO914778 aObservatories - Inter - American914779 aObservatory facilities Manual914780 aColbeck, L. A ., ed.915257 cBK c9083d9083 00104070aBANbBANcGENd1987-08-17l0o035:520.1/ FACp9980r2021-11-05w1987-08-17yBK